000 00778nam a2200121Ia 4500
008 220620s9999||||xx |||||||||||||| ||und||
245 0 _aSociety - Water - Technology: A Critical Appraisal of Major Water Engineering Projects
546 _aEnglish[eng]
650 _aWaste Water Technology / Water Pollution Control / Water Management / Aquatic Pollution||Water Industry/Water Technologies||Environmental Economics||International Environmental Law
700 _aHüttl, Reinhard F.||Bens, Oliver||Bismuth, Christine||Hoechstetter, Sebastian
856 _uhttps://library.oapen.org/bitstream/20.500.12657/27962/1/1002037.pdf||https://library.oapen.org/bitstream/20.500.12657/27962/1/1002037.pdf||https://library.oapen.org/bitstream/20.500.12657/27962/1/1002037.pdf
942 _cEB
999 _c23039
_d23039